[Event "Sapporo Autumn Chess Tournament 2024"]
[Site "Sapporo Chess Club"]
[Date "2024.10.13"]
[Round "2.4"]
[White "Honda, Yoshiki"]
[Black "Sugimoto, Koichi"]
[Result "0-1"]
[WhiteElo "1848"]
[BlackElo "1872"]
[Annotator "Fritz 11 SE (30s)"]
[PlyCount "44"]
[EventDate "2024.10.13"]
[EventRounds "5"]
[EventCountry "JPN"]

{[%mdl 8192] B23: Closed Sicilian: Lines without g3} 1. e4 c5 2. Nc3 Nc6 3. f4
g6 4. Nf3 Bg7 5. Bc4 e6 6. d3 Nge7 7. f5 (7. a3 d5 8. Ba2 dxe4 9. Nxe4 (9. dxe4
Qxd1+ 10. Nxd1 O-O 11. c3 {1/2-1/2 (11) Nabelek,M (2270)-Pulpan,J (2300)
Czechia 2015}) 9... O-O 10. h4 h5 11. g4 hxg4 12. Nfg5 Nd5 13. h5 f6 14. Qxg4
fxg5 15. hxg6 gxf4 16. Qh3 Rf5 17. Bxf4 Rxf4 18. O-O-O e5 19. Qh7+ Kf8 20. Rdf1
Be6 21. Nxc5 Bg8 {Nevednichy,V (2582)-Georgiev,K (2661) Novi Sad 2000 0-1})
7... d5 8. Bb3 O-O $146 (8... b5 9. Bg5 (9. exd5 exd5 10. f6 Bxf6 11. a3 c4 12.
Ba2 Qb6 13. dxc4 bxc4 14. Nxd5 Nxd5 15. Qxd5 Be6 16. Qe4 O-O 17. Be3 Qxb2 18.
O-O Qxa3 19. Rae1 Qxa2 20. Qxc6 Bc3 21. Nd4 Rae8 22. Re2 Bg4 23. Nf3 Re6 {
Ramsingh,Y (2196)-Larrea,M (2278) Turin 2006 0-1 (38)}) 9... Bxc3+ 10. bxc3 c4
11. f6 Ng8 12. exd5 exd5 13. a4 cxb3 14. axb5 b2 15. Rb1 h6 16. Bh4 g5 17. Qe2+
Be6 18. Bg3 Nb8 19. O-O Nxf6 20. Be5 Nbd7 21. Bd4 Rg8 22. Rxb2 Rg6 23. Ra2 {
Odinaev,T (2267)-Dolgalev,S (2268) Kemerovo 2007 1-0 (45)}) (8... dxe4 9. f6
Bxf6 10. Nxe4 Bg7 11. Bg5 f5 12. Bf6 Bxf6 13. Nxf6+ Kf7 14. Nxh7 Rxh7 15. Ng5+
Kg7 16. Nxh7 Kxh7 17. Qd2 Qf8 18. Qf2 Nd4 19. O-O Bd7 20. Rae1 Qf6 21. c3 Nxb3
22. axb3 Rc8 23. Re3 {Veltkamp,G (2205)-Kahn,E (2380) Budapest 1996 0-1 (47)})
(8... dxe4 9. f6 Bxf6 10. Nxe4 $17) 9. O-O (9. fxg6 fxg6 10. O-O h6 $11) 9...
d4 {Black wins space} (9... dxe4 10. f6 Bxf6 11. dxe4 $15) 10. Ne2 (10. fxg6 $5
dxc3 11. gxh7+ Kh8 12. bxc3 $11) 10... exf5 $17 11. Qe1 fxe4 12. dxe4 (12. Ng5
Nf5 13. Nxf7 Rxf7 14. Bxf7+ Kxf7 15. dxe4 Kg8 16. exf5 Bxf5 $15) 12... d3 (
12... b5 13. a4 c4 14. Ba2 $17) 13. cxd3 $17 Qxd3 14. Ng5 $2 (14. Bf4 $142 $5
$17) 14... c4 $19 15. Nf4 $6 {doesn't do very much to defend the position} (15.
Ba4 h6 16. Nf3 Qxe4 17. Bd2 $19) 15... Qd4+ (15... Qd6 $142 {it becomes clear
that Black will call all the shots} 16. e5 Nxe5 $19) 16. Be3 $17 Qe5 {Black
threatens to win material: Qe5xg5} 17. Qh4 $2 (17. Nf3 $142 Qb5 18. Qe2 $15)
17... h6 $19 18. Nxf7 Qxe4 (18... Kxf7 $4 {capturing the knight loses} 19. Nd3+
Qf6 20. Rxf6+ Bxf6 21. Bxc4+ Ke8 22. Qxh6 $18) (18... Rxf7 {succumbs to} 19.
Bxc4 g5 20. Bxf7+ Kh7 21. Qg3 gxf4 22. Rxf4 Qxb2 23. Raf1 $11) 19. Nxh6+ Bxh6
20. Bxc4+ $4 {the pressure is too much, White crumbles.} (20. Qxh6 $142 Qxe3+
21. Kh1 cxb3 22. Qxf8+ Kxf8 23. Nd5+ Kg7 24. Nxe3 bxa2 25. Rxa2 $19) 20... Kh7
21. Nxg6 (21. Bc5 {what else?} Qxc4 22. Rac1 $19) 21... Qxe3+ 22. Kh1 Nxg6 (
22... Nxg6 23. Qe1 Bf5 $19) 0-1

[Event "Sapporo Autumn Chess Tournament 2024"]
[Site "Sapporo Chess Club"]
[Date "2024.10.13"]
[Round "2.5"]
[White "kuramoto, koutarou"]
[Black "Furuse, Mizuki"]
[Result "1/2-1/2"]
[WhiteElo "1622"]
[BlackElo "1564"]
[Annotator "Fritz 11 SE (30s)"]
[PlyCount "71"]
[EventDate "2024.10.13"]
[EventRounds "5"]
[EventCountry "JPN"]

{[%mdl 8192] E94: King's Indian: Classical: 6 Be2 e5 7 0-0: Various Black 7th
moves} 1. e4 g6 2. c4 Bg7 3. d4 d6 4. Nc3 Nf6 5. Nf3 O-O 6. Be2 e5 7. d5 a5 8.
O-O Nbd7 9. Bd2 $146 (9. Ne1 Nc5 (9... Ne8 10. Be3 f5 11. f3 f4 12. Bf2 Qg5 13.
Nd3 Ndf6 14. c5 Rf7 15. cxd6 Nxd6 16. Qb3 Bh3 17. Ne1 Raf8 18. Bd3 Bc8 19. Bc5
Nfe8 20. Rc1 Qd8 21. Rf2 Kh8 22. Rfc2 b6 23. Ba3 Rg8 24. Bb5 {Tokaji,N (2260)
-Fuesthy,Z (2200) Budapest 1983 1-0 (40)}) 10. Bg5 h6 11. Bxf6 Qxf6 12. Nd3 Qe7
13. Nxc5 dxc5 14. Qd2 f5 15. Rad1 Ra6 16. Nb5 fxe4 17. d6 cxd6 18. Nxd6 Kh7 19.
Nxe4 Bf5 20. Bf3 a4 21. Qe3 Rb6 22. Rd2 Bxe4 23. Bxe4 Rd8 {Stahlberg,G-Najdorf,
M Buenos Aires 1947 1-0 (36)}) (9. Qc2 b6 (9... h6 10. a3 Nh7 11. Rb1 f5 12. b4
axb4 13. axb4 f4 14. Ne1 Nhf6 15. Nd3 h5 16. c5 Ne8 17. f3 Ndf6 18. b5 b6 19.
cxb6 cxb6 20. Nb4 Nd7 21. Nc6 Qf6 22. Bb2 Nc5 23. Ra1 Rxa1 24. Rxa1 {Nugumanov,
B (2279)-Korchmar,V (2236) Samara 2012 1-0 (33)}) 10. Bg5 h6 11. Bh4 g5 12. Bg3
Nh5 13. Nd2 Nf4 14. Bg4 h5 15. Bf5 h4 16. Bxf4 exf4 17. Nf3 Nc5 18. h3 Qf6 19.
Rad1 Ba6 20. Qe2 Rfe8 21. Nd4 Re7 22. b3 Rae8 23. Qg4 Kf8 {Timman,J (2510)
-Bronstein,D (2590) Teeside 1975 1-0 (35)}) 9... Ne8 (9... Nc5 10. Qc2 $11) 10.
Be3 Nc5 11. a3 {Black has a cramped position} f5 {Black threatens to win
material: f5xe4} 12. Nd2 (12. exf5 Bxf5 13. Ng5 Nf6 $14) 12... f4 $11 {Black
gets more space} 13. Bxc5 dxc5 14. b4 (14. Bg4 $5 $11) 14... axb4 $15 15. axb4
Rxa1 16. Qxa1 cxb4 17. Nb5 (17. Na4 Qe7 $15) 17... Nd6 (17... c6 18. Na7 Bd7
19. dxc6 bxc6 $17) 18. c5 $2 (18. Na7 f3 19. Bxf3 Bh6 $15) 18... Nxb5 $4 {
a transit from better to worse} (18... f3 $142 {and Black gets the upper hand}
19. Nxf3 Nxb5 (19... Nxe4 $6 20. Qa4 $17) 20. Bxb5 Rxf3 21. gxf3 Bh3 $19) 19.
Bxb5 $15 g5 (19... f3 20. g3 $11 (20. Nxf3 $2 Rxf3 21. gxf3 Bh3 $19)) 20. Nc4 {
[%cal Yc5c6] White prepares the advance c6} (20. Qb2 $5 $14 {should be
considered}) 20... g4 21. Qd1 {[%cal Yd5d6] White intends d6} (21. Rd1 $11)
21... f3 (21... g3 $142 $5 {is an interesting idea} 22. hxg3 fxg3 23. fxg3
Rxf1+ 24. Qxf1 Bf8 25. Nxe5 Bxc5+ 26. Kh2 b3 $11) 22. g3 $14 Qg5 23. c6 (23.
Qb3 $5 $14 {is an interesting alternative}) 23... Qh5 (23... bxc6 $5 24. Bxc6
Qh6 $17) 24. d6 $11 {White threatens to win material: d6xc7} Qh3 {Black has a
mate threat} 25. Ne3 bxc6 $4 {forfeits the advantage} (25... Bh6 26. Qd5+ Kg7
27. Qxe5+ (27. cxb7 $4 {is not to be advocated because of the following mating
combination} Bxe3 28. Qxe5+ Kh6 29. Qh5+ Kxh5 30. Be8+ Rxe8 31. bxc8=Q Qg2#)
27... Kg6 28. d7 (28. dxc7 {leads to a non-trivial mate} Bxe3 29. Qd6+ Kh5 30.
Qd5+ Bg5 31. Qf7+ Rxf7 32. cxb7 Qg2#) 28... Bxd7 29. cxd7 Bxe3 30. Qe8+ Rf7 31.
Qe6+ Kg7 32. Qe5+ Kh6 33. Qe6+ Kg7 34. Qe5+ Kh6 35. Qe6+ Kg7 $11) 26. Bxc6 (26.
Bc4+ $5 {keeps an even firmer grip} Kh8 27. d7 Bxd7 28. Qxd7 Bf6 $18) 26... Be6
$4 {with this move Black loses his initiative} (26... Bh6 27. Qd5+ Kg7 28.
Qxe5+ (28. dxc7 {is refuted with a beautiful mate} Bxe3 29. Qxe5+ Kh6 30. Qd6+
Kh5 31. Qe5+ Bg5 32. Be8+ Kh6 33. Qd6+ Rf6 34. Qf8+ Rxf8 35. Rd1 Qg2#) 28...
Rf6 29. Qe7+ (29. dxc7 {leads to a pleasing mate} Bxe3 30. Qe7+ Rf7 31. Qe5+
Kg6 32. Qd6+ Kg5 33. Qd5+ Bf5 34. Qd8+ Rf6 35. Qxf6+ Kxf6 36. e5+ Kxe5 37. Bxf3
gxf3 38. c8=Q Qg2#) 29... Rf7 30. Qe5+ Rf6 31. Qe7+ (31. dxc7 {misses a pretty
mating combination} Bxe3 32. Qe7+ Rf7 33. Qe5+ Kg6 34. Qd6+ Kg5 35. Qd5+ Bf5
36. Qd8+ Rf6 37. Qxf6+ Kxf6 38. e5+ Kxe5 39. Bxf3 gxf3 40. c8=Q Qg2#) 31... Rf7
32. Qe5+ Rf6 $11) 27. dxc7 (27. Bd5 $142 {secures the win} Qh6 28. dxc7 $18)
27... Bh6 $11 28. Qd2 Qg2+ 29. Nxg2 Bxd2 30. Rd1 $4 {releasing the pressure on
the opponent} (30. Bd5 Bxd5 31. exd5 fxg2 $14) 30... Bg5 $4 {throwing away the
advantage} (30... Rc8 $142 {Black missed this excellent chance} 31. Rxd2 Rxc7
$19) 31. Ne3 $11 Rc8 32. Bd7 (32. Bd5 $5 {is worth looking at} Bf7 33. Bxf7+
Kxf7 34. Nd5 $14) 32... Bxd7 $15 33. Rxd7 b3 {He broke from his leash} 34. Nc4
{White threatens to win material: Nc4xe5} (34. Nxg4 b2 35. Rd1 Rxc7 36. Nxe5
Rc1 37. Nxf3 Rxd1+ 38. Kg2 Bc1 39. e5 b1=Q 40. Nd4 Rxd4 41. e6 Qe4+ 42. Kh3 Rd5
43. g4 Bg5 44. Kg3 Rd3+ 45. f3 Qxf3#) 34... Ra8 $4 {ignoring the path to
victory} (34... Kf8 35. h3 (35. Nxe5 b2 36. Rd1 Bc1 37. Rd8+ Ke7 38. Nc6+ Kf7
39. Ne5+ Ke6 40. Rxc8 b1=Q 41. Re8+ Kd6 42. Nxf3 gxf3 43. Rd8+ Kxc7 44. Rd1 Qc2
45. Rf1 Bb2 46. h4 Bd4 47. g4 Qxe4 48. Kh1 Qxg4 49. Rc1+ Kd6 50. Rc6+ Kxc6 51.
Kh2 Qg2#) (35. Rxh7 Bf6 36. Rd7 Be7 $17) 35... Be7 36. Nb2 $15) 35. Rd1 (35. h4
$142 {and White can celebrate victory} gxh3 36. Nb6 $18) 35... Rc8 $11 36. Rd7
(36. Nxe5 $2 {is no good because of} Rxc7 37. Nd3 Rc3 $19) 1/2-1/2

[Event "Sapporo Autumn Chess Tournament 2024"]
[Site "Sapporo Chess Club"]
[Date "2024.10.13"]
[Round "2.6"]
[White "Okimura, Mikiko"]
[Black "Nakamura, Mitsuru"]
[Result "0-1"]
[WhiteElo "1000"]
[BlackElo "1644"]
[Annotator "Fritz 11 SE (30s)"]
[PlyCount "76"]
[EventDate "2024.10.13"]
[EventRounds "5"]
[EventCountry "JPN"]

{[%mdl 8256] D02: 1 d4 d5 2 Nf3 sidelines, including 2...Nf6 3 g3 and 2...Nf6
3 Bf4} 1. d4 d5 2. Nf3 c6 3. g3 Nf6 4. Bg2 e6 5. O-O Be7 (5... b6 6. c4 Ba6 7.
cxd5 exd5 8. Nc3 Be7 9. Ne5 O-O 10. Rb1 Bb7 11. b4 a6 12. a4 Nbd7 13. a5 Nxe5
14. dxe5 Nd7 15. f4 bxa5 16. bxa5 Rb8 17. Qa4 Nc5 18. Qa2 Qc7 19. Be3 Ba8 20.
h3 {Amura,C (2313)-Contin,D (2349) San Luis 2013 0-1 (33)}) 6. c4 dxc4 {
Black has new doubled pawns: c4+c6} (6... b6 7. Nc3 Nbd7 8. Ne5 Bb7 9. e4 dxe4
10. Nxe4 Nxe4 11. Bxe4 Nxe5 12. dxe5 Qc7 13. Qf3 O-O 14. Bf4 Rfd8 15. Rfd1 h6
16. h4 Rab8 17. Qg4 Kf8 18. h5 c5 19. Qf3 Bxe4 20. Qxe4 Kg8 21. Kg2 {Cosma,I 
(2475)-Navrotescu,C (2440) Bucharest 1998 1-0 (58)}) 7. Qc2 $146 (7. Ne5 Nbd7 (
7... O-O 8. Nc3 a6 9. a4 Nbd7 10. Nxc4 Nd5 11. a5 b5 12. axb6 N7xb6 13. Na5 Qc7
14. e4 Nf6 15. Bf4 Qd7 16. Qb3 Bd8 17. Rfc1 Nh5 18. Be3 Rb8 19. e5 Bc7 20. Nxc6
Rb7 21. Na5 Rb8 22. Nc6 {Araque,R (2388)-Mateus,M (2226) Cali 2001 1-0 (41)})
8. Nxc4 O-O 9. e4 b5 10. Ne3 Bb7 11. Nc3 Nb6 12. e5 Nfd5 13. Qg4 Nxc3 14. bxc3
Kh8 15. Be4 Nd5 16. Qh3 f5 17. exf6 Nxf6 18. Bc2 c5 19. Qxe6 cxd4 20. cxd4 Rc8
21. Bb2 Bb4 {Laszlo,D (2290)-Sallay,R (2300) Budapest 1973 1-0 (35)}) (7. Ne5
O-O $14) 7... b5 8. a3 {Covers b4} (8. b3 $5 cxb3 9. axb3 $11) 8... Bb7 9. Nbd2
Qb6 10. Re1 (10. b3 $5 {must be considered} cxb3 11. Nxb3 $11) 10... Nbd7 $17
11. e4 (11. a4 O-O $17) 11... O-O 12. e5 Nd5 13. b3 cxb3 14. Nxb3 Rac8 15. Bb2
a5 16. Rac1 a4 17. Nbd2 (17. Nc5 $5 Rfd8 18. Nd2 $17) 17... c5 18. Qd1 (18. Ne4
c4 $19) 18... c4 $19 19. Nf1 $4 {but even a better move would not have saved
the game} (19. Ne4 $142 $19) 19... c3 20. Ba1 Bxa3 21. Rc2 Be7 (21... b4 $142 {
might be the shorter path} 22. Ng5 h6 23. Bxd5 Bxd5 $19) 22. Qd3 (22. Ne3 {
otherwise it's curtains at once} b4 23. Nh4 Nxe3 24. Rxe3 $19) 22... Nb4 23.
Qd1 Nxc2 24. Qxc2 Qa5 (24... b4 $142 $5 {seems even better} 25. Qxa4 b3 26. Rb1
$19) 25. Ne3 b4 26. Qe2 (26. Rc1 {the last chance for counterplay} Qa8 27. Qd1
$19) 26... Ba6 27. Qd1 b3 28. Bf1 b2 29. Bxb2 (29. d5 {doesn't do any good} c2
30. Nxc2 Rxc2 $19) 29... cxb2 30. Nd2 Rc1 31. Nec4 Bxc4 32. Nxc4 Qc3 (32...
Qxe1 $142 {makes it even easier for Black} 33. Qxe1 Rxe1 34. Nxb2 $19) 33. Qd3
Qxe1 34. Kg2 b1=Q 35. Ne3 Qxd3 36. Kf3 (36. Bxd3 {doesn't improve anything} a3
37. Bb5 a2 38. Bd3 a1=Q 39. Ng4 Qxd4 40. Nh6+ gxh6 41. f4 Qxd3 42. Kh3 h5 43.
Kg2 Qef1#) 36... Qdxe3+ $1 {Mate attack} 37. fxe3 (37. fxe3 Qxf1+ {Mate attack}
) 37... Qxf1+ 38. Kg4 Qf5# 0-1

[Event "Sapporo Autumn Chess Tournament 2024"]
[Site "Sapporo Chess Club"]
[Date "2024.10.13"]
[Round "2.7"]
[White "Yajima, Machiko"]
[Black "Ito, Katsuhide"]
[Result "0-1"]
[WhiteElo "1469"]
[BlackElo "1448"]
[Annotator "Fritz 11 SE (30s)"]
[PlyCount "96"]
[EventDate "2024.10.13"]
[EventRounds "5"]
[EventCountry "JPN"]

{[%mdl 8192] A00: Irregular Openings} 1. g3 Nc6 (1... d5 2. c4 dxc4 3. Qa4+ c6
4. Qxc4 g6 5. Bg2 Bg7 6. Nf3 Nf6 7. O-O O-O 8. d3 h6 9. Nc3 Be6 10. Qb4 b6 11.
Qa4 a5 12. Bd2 b5 13. Qc2 Na6 14. Qc1 Kh7 15. Qe1 Nb4 16. Rc1 {Abravanel,C 
(2320)-Avshalumov,A (2480) Paris 1992 1/2-1/2 (61)}) 2. Bg2 d5 $146 (2... h5 3.
Nf3 e5 4. d3 Be7 5. h3 (5. c4 h4 6. gxh4 Bxh4 7. Nc3 d6 8. Nd5 Nge7 9. Be3 Nf5
10. Qd2 Nxe3 11. Qxe3 Be6 12. Nxh4 Rxh4 13. O-O-O Nd4 14. Kb1 Bxd5 15. Bxd5 c6
16. Be4 Qf6 17. Rdf1 O-O-O 18. Qd2 Rdh8 19. e3 Ne6 {Rabeler,G (2355)-Sell,A 
(2280) Germany 1999 1-0 (41)}) 5... d5 6. c3 Be6 7. Qa4 Qd7 8. b4 f6 9. b5 Nd8
10. Nbd2 a6 11. Rb1 Nh6 12. Ba3 Nf5 13. Bxe7 Nxe7 14. O-O h4 15. g4 Ng6 16. e3
Nf7 17. c4 {Porth,H (2188)-Sell,A (2251) Norderstedt 2000 1/2-1/2 (32)}) (2...
d6 3. d4 e5 4. dxe5 dxe5 5. Qxd8+ Nxd8 6. Nc3 Bc5 7. Nf3 f6 8. Nd2 Ne6 9. Nb3
Bb6 10. Na4 Ne7 11. Bd2 Nf5 12. e3 Nd6 13. Bb4 Nf7 14. O-O-O Nfd8 15. Na5 Bxa5
16. Bxa5 Bd7 17. b3 {Jurkovic,A (2326)-Mestrovic,Z (2456) Nova Gorica 2000 1/
2-1/2 (53)}) 3. c3 {Covers b4+d4} (3. Nf3 Nf6 $11) 3... e5 $15 4. Nh3 (4. d4
Nf6 $15) 4... h6 {White has a cramped position. White's piece can't move: c1} (
4... Nf6 5. O-O $17) 5. O-O {White has a cramped position. White's pieces
can't move: c1+h3} Nf6 (5... Be6 6. f3 Nf6 7. d4 $17) 6. d3 {Secures e4} (6. d4
$5 $15 {deserves consideration}) 6... Bc5 $17 7. b4 Bb6 8. e3 {Controls d4} (8.
b5 $5 Na5 9. d4 $17) 8... O-O 9. a4 a6 10. Na3 Re8 11. Bb2 (11. a5 Ba7 $17)
11... e4 (11... Bg4 $142 $5 12. f3 Bxe3+ 13. Nf2 Be6 $19) 12. c4 (12. d4 $142
$17) 12... Ng4 $4 {Black lets it slip away} (12... Bxh3 $142 $5 13. Bxh3 Nxb4
$17) 13. Nf4 {White threatens to win material: Nf4xd5} (13. cxd5 Qxd5 14. Nf4
$16) 13... Nxb4 $11 14. d4 (14. dxe4 dxe4 15. Qxd8 Rxd8 16. Bxe4 c6 $11) 14...
c5 (14... a5 15. c5 Ba7 16. Nc2 $17) 15. Bc3 (15. dxc5 $142 Bxc5 16. cxd5 $11)
15... Nc6 $4 {Black has let it slip away} (15... cxd4 16. Bxd4 Bxd4 17. Qxd4
$17) 16. Nxd5 $4 {White loses the upper hand} (16. cxd5 $142 $5 Nb4 17. Nc4 $18
) 16... Ba5 (16... cxd4 17. Bxd4 Nxd4 18. Nxb6 Ne2+ 19. Qxe2 Qxb6 20. Nc2 $11)
17. h3 (17. dxc5 $5 Nge5 18. Bxe4 Bxc3 19. Nxc3 $11) 17... Bxc3 $11 18. Nxc3
cxd4 {Black forks: c3+e3} 19. Nd5 (19. exd4 $142 {would allow White to play on}
Nf6 20. d5 $11) 19... Nf6 $17 20. Qc2 $2 (20. exd4 Nxd5 21. cxd5 Qxd5 $17)
20... Qa5 $4 {hands over the advantage to the opponent} (20... Nxd5 $142 {
and Black wins} 21. cxd5 Qxd5 22. exd4 Nxd4 $19) 21. Nxf6+ $17 gxf6 22. Bxe4 f5
{Black threatens to win material: f5xe4} (22... Bxh3 23. Bd5 Ne7 24. Bg2 Bxg2
25. Kxg2 dxe3 26. fxe3 $19) 23. Bd5 {A classical outpost} (23. Bxc6 bxc6 24.
exd4 f4 $11) 23... Nb4 {Black threatens to win material: Nb4xc2. Black forks:
d5+c2} (23... dxe3 24. Qe2 exf2+ 25. Qxf2 Nb4 $17 (25... Qxa4 $143 26. Nb5 axb5
27. Rxa4 bxa4 28. g4 $16)) 24. Qd2 $11 {White threatens to win material: Qd2xd4
} Be6 (24... dxe3 25. fxe3 Qc5 26. Qd4 $11) 25. Qxd4 {Black king safety
dropped.} (25. exd4 $142 $5 Bxd5 26. cxd5 $16) 25... Rad8 26. e4 (26. Qc3 Bxd5
27. cxd5 Rxd5 $14) 26... Nc6 (26... fxe4 $5 27. Qf6 Bxd5 28. cxd5 Nd3 $17) 27.
Qb2 (27. Qf6 fxe4 28. Nb5 Nb4 29. Bxe4 axb5 30. Qxh6 f5 (30... bxa4 31. Bh7+
Kh8 32. Rae1 $18) (30... bxc4 31. Bh7+ Kh8 32. Rae1 $18) 31. Qg5+ Kh8 32. axb5
Qc7 33. Bxf5 Bxf5 (33... Qxc4 $4 {That pawn is poisoned} 34. Rfc1 Qd5 35. Rc7
$18) (33... Bxc4 $4 {that pawn is deadly bait and will cause Black grave
problems} 34. Rac1 Nd3 35. Qh4+ Kg8 36. Bxd3 Rxd3 37. Rxc4 $18) 34. Qf6+ Qg7
35. Qxf5 Nd3 $11) 27... fxe4 $15 28. Bxe4 Qe5 (28... Bxh3 $142 {would keep
Black in the game} 29. Bg2 Bxg2 30. Kxg2 Re7 $15) 29. Qxe5 $16 Nxe5 {[%cal
Re5c4,Re6c4,Ga3c4] Attacks the isolani on c4} 30. Bxb7 Bxh3 31. Rfc1 Nd3 {
Black threatens to win material: Nd3xc1} 32. Rc3 Nc5 {Black threatens to win
material: Nc5xb7. Black forks: a4+b7} 33. Nc2 $4 {not a good decision, because
now the opponent is right back in the game} (33. Bd5 $142 $14 {is the best
chance}) 33... Nxb7 $19 34. c5 Na5 35. Ne3 (35. c6 Rc8 36. Kh2 Bg4 $19) 35...
Nc6 36. Kh2 Bc8 37. Rc4 $2 (37. Rb1 Rd2 38. Kg2 Ra2 $19) 37... Ne5 (37... Rd2 {
might be the shorter path} 38. Kg1 Nd4 39. Nf1 $19) 38. Rf4 (38. Rc2 {is no
salvation} Re6 $19) 38... Rd2 (38... Nd3 {and Black can already relax} 39. Rf3
$19) 39. Kg1 Nd3 (39... Be6 {makes it even easier for Black} 40. Nf5 $19) 40.
Rf3 (40. Rd4 Bb7 41. g4 $19) 40... Bb7 41. Rf6 (41. Nf1 {is not much help} Bxf3
42. Nxd2 Bd5 $19) 41... Re6 42. Nc4 (42. Rxe6 {doesn't change anything anymore}
fxe6 43. Rb1 Nxc5 $19) 42... Rde2 (42... Ra2 43. f3 Rxa1+ 44. Kg2 Re2+ 45. Kh3
Nf2+ 46. Kg2 Ne4+ 47. Kh3 Bc8+ 48. Rf5 h5 49. fxe4 Rh1#) 43. Rxe6 Rxe6 44. Nd6
Bc6 (44... Ba8 {keeps an even firmer grip} 45. Nf5 $19) 45. Rb1 (45. Nf5 {
doesn't do any good} Re5 46. Nd4 Rxc5 47. Nxc6 Rxc6 $19) 45... Nxc5 46. Rb8+ (
46. Nf5 {is not the saving move} Be4 47. Rc1 Nxa4 $19 (47... Bxf5 $143 48. Rxc5
Be4 49. Kh2 $19)) 46... Kg7 (46... Kh7 $142 {seems even better} 47. Rb1 Rxd6
$19) 47. Nc4 (47. Nf5+ {is still a small chance} Kf6 48. Ne3 $19) 47... Re1+
48. Kh2 Rh1# 0-1

[Event "Sapporo Autumn Chess Tournament 2024"]
[Site "Sapporo Chess Club"]
[Date "2024.10.13"]
[Round "3.1"]
[White "Aoki, Yasuhiro"]
[Black "Tang, Yichen"]
[Result "1-0"]
[WhiteElo "1721"]
[BlackElo "1696"]
[Annotator "Fritz 11 SE (30s)"]
[PlyCount "45"]
[EventDate "2024.10.13"]
[EventRounds "5"]
[EventCountry "JPN"]

{[%mdl 8256] A29: English Opening: Four Knights Variation with 4 g3} 1. c4 e5
2. Nc3 Bc5 3. Nf3 Nc6 4. g3 Nf6 5. Bg2 O-O 6. O-O d6 7. d3 Be6 8. a3 a6 9. b4
Ba7 10. Rb1 $146 (10. Nd2 Rb8 11. Rb1 Ne7 12. a4 Qd7 13. b5 Bh3 14. Ba3 h6 15.
e3 Bxg2 16. Kxg2 Bc5 17. Bxc5 dxc5 18. Nf3 Qe6 19. e4 c6 20. Qb3 Rbd8 21. bxa6
bxa6 22. Qc2 Ng6 23. Ng1 Rb8 24. a5 Nd7 {Carlsen,M (2802)-Adams,M (2723)
London 2010 1-0 (49)}) 10... Rb8 11. Qc2 Qd7 12. Ng5 Bf5 13. Nge4 (13. e3 $142
$11) 13... Bd4 $4 {weakening the position} (13... Nxe4 $142 {saving the game}
14. dxe4 Nd4 $11) 14. Nxf6+ $18 gxf6 15. Nd5 Qd8 16. Bh6 Re8 17. e3 Ba7 18. Qe2
(18. b5 Na5 19. f4 axb5 20. fxe5 Rxe5 21. Rxb5 c6 22. Rxf5 Rxf5 $18) 18... Bg6
(18... Kh8 19. f4 $18) 19. Rbd1 Ne7 (19... Kh8 20. h4 Ne7 21. Nxe7 (21. Nxf6
$143 Nf5 22. Nxe8 Nxh6 $16) 21... Qxe7 22. e4 $18) 20. Nxf6+ Kh8 21. Nxe8 Nf5 (
21... Qxe8 {a fruitless try to alter the course of the game} 22. Bg5 $18) 22.
Nxc7 $1 {the knock-out blow} Qxc7 23. Bg5 1-0

[Event "Sapporo Autumn Chess Tournament 2024"]
[Site "Sapporo Chess Club"]
[Date "2024.10.13"]
[Round "3.4"]
[White "Furuse, Mizuki"]
[Black "Nishimori, Toshiyuki"]
[Result "1-0"]
[WhiteElo "1564"]
[BlackElo "1746"]
[Annotator "Fritz 11 SE (30s)"]
[PlyCount "76"]
[EventDate "2024.10.13"]
[EventRounds "5"]
[EventCountry "JPN"]

{A13: English Opening: 1...e6} 1. Nf3 d5 2. g3 Nf6 3. Bg2 e6 4. O-O c5 5. c4 d4
6. b4 Nc6 $146 {Black threatens to win material: Nc6xb4} (6... cxb4 7. a3 Nc6 (
7... bxa3 8. d3 Nc6 9. Bxa3 Bxa3 10. Nxa3 O-O 11. Qb1 e5 12. Qb2 Qe7 13. Rfb1
Nd7 14. Nc2 Nc5 15. Qa3 f6 16. Nd2 Re8 17. Rb5 Ne6 18. Ne4 Qxa3 19. Rxa3 Rd8
20. Nb4 Nc7 21. Rc5 Nxb4 22. Rxc7 {Noah,A (2326)-Domingos,C (2280) Tromso 2014
1-0 (52)}) 8. Bb2 (8. axb4 Bxb4 9. Ne5 Bd7 10. Nxd7 Qxd7 11. Qa4 Be7 12. d3 O-O
13. Nd2 a5 14. Nb3 e5 15. Bd2 Qe6 16. Qb5 e4 17. Nxa5 e3 18. fxe3 Nxa5 19. Rxa5
Rxa5 20. Qxa5 dxe3 21. Bc3 Ng4 22. Qh5 Nf2 {Dubov,D (2614)-Vallejo Pons,F 
(2698) Dubai 2014 1-0 (34)}) (8. d3 a5 9. Bb2 Ra6 10. Nbd2 e5 11. Qc2 bxa3 12.
Bxa3 Bxa3 13. Rxa3 O-O 14. Rb1 Nb4 15. Qb2 Qc7 16. Ne1 Bd7 17. Nc2 Nxc2 18.
Qxc2 b6 19. Qa2 h6 20. Rab3 a4 21. Rb4 Rb8 22. Ne4 Nxe4 {Cruz,F (2412)-Moreno
Ruiz,J (2486) Montcada 2014 1/2-1/2 (62)}) 8... bxa3 9. Nxa3 Bc5 10. e3 e5 11.
Nxe5 O-O 12. Nxc6 bxc6 13. Nc2 Bg4 14. Bf3 Bxf3 15. Qxf3 dxe3 16. dxe3 Qd3 17.
Bxf6 Qxc2 18. Rfc1 Qg6 19. Bc3 Rfe8 20. Ra5 Bb6 21. Rf5 {Matamoros Franco,C 
(2525)-Bachmann,A (2636) Montevideo 2015 1/2-1/2 (44)}) (6... cxb4 $142 $5 {
and Black can hope to live} 7. Bb2 Nc6 $11) 7. b5 $14 {White threatens to win
material: b5xc6} Nb8 (7... Ne7 8. e3 $14) 8. Qa4 (8. e3 $142 $16) 8... Bd7 $2 (
8... Nbd7 9. Bb2 $11) 9. Ne5 (9. Nxd4 $142 {with excellent chances for White}
Qb6 10. Nf3 $18) 9... Qc7 $14 10. Nxd7 Nbxd7 11. d3 {Secures e4} Nb6 {Black
threatens to win material: Nb6xa4} 12. Qb3 Bd6 13. a4 Rd8 14. Bg5 Be7 (14...
Nbd7 15. Nd2 $14) 15. Nd2 Nbd7 16. a5 b6 (16... Ng4 $5 17. Bxe7 Kxe7 $16) 17.
axb6 axb6 18. Ra2 O-O 19. Rfa1 h6 20. Bxf6 Nxf6 21. Ra7 Qd6 22. Ne4 (22. Bc6
Rc8 $16) 22... Nxe4 23. Bxe4 f5 24. Bg2 f4 25. Rb7 fxg3 26. hxg3 Rb8 27. Rxb8
Rxb8 28. Qa3 (28. Be4 h5 $14) 28... Bd8 (28... h5 29. Bf3 h4 30. gxh4 Bxh4 31.
Qb2 $11) 29. Qc1 Bc7 (29... Bg5 30. Qe1 $14) 30. Ra7 Qe5 (30... Rf8 31. Be4 $14
) 31. Qd2 (31. Be4 $5 $16) 31... h5 32. f4 {White threatens to win material:
f4xe5} Qd6 33. Bf3 (33. e4 $5 dxe3 34. Qxe3 $14) 33... h4 $11 34. gxh4 Qxf4 (
34... Rf8 $142 $5 $11 {should be investigated more closely}) 35. Qxf4 $14 Bxf4
36. h5 (36. Be4 Bd6 $14) 36... Kh7 $11 37. Re7 e5 (37... Rf8 38. Rxe6 Rf6 39.
Re8 $11) 38. Kg2 $16 Kh6 1-0